Kamna a krby : Stavba a připojení

Gespeichert in:
Bibliographische Detailangaben
1. Verfasser: Pehle, Tobias (Verfasst von)
Format: Buch
Sprache:Tschechisch
Veröffentlicht: Dobřejovice : Rebo, 2001
Tags: Tag hinzufügen
Keine Tags, Fügen Sie das erste Tag hinzu!

MARC

LEADER 00000nam a22000003a 4500
001 stu73053
005 20150617225647.0
008 011219s2001----xr------------------cze-d
020 |a 80-7234-197-9 
040 |a STU  |b slo 
041 0 |a cze 
044 |a xr 
080 |a 697.2 
100 1 |a Pehle, Tobias  |4 aut 
245 1 |a Kamna a krby :  |b Stavba a připojení 
260 |a Dobřejovice :  |b Rebo,  |c 2001 
300 |a 80 s.;obr 
500 |a prel. z nemeckého orig. 
996 |b 284V027959  |c V*47098/O-20710  |l VVT  |s A  |a 24  |w stu73053_0001